[Event "Deizisau Autumn op 17th"]
[Site "Deizisau"]
[Date "2023.10.30"]
[Round "6"]
[White "Raum, Sebastian"]
[Black "Testeshnikov, Nikita"]
[Result "0-1"]
[WhiteElo "2140"]
[BlackElo "2138"]
[PlyCount "116"]
[EventDate "2023.10.27"]
[EventType "swiss"]
[EventRounds "7"]
[EventCountry "GER"]
[SourceTitle "Mega2024 Update 01"]
[Source "Chessbase"]
[SourceDate "2023.11.12"]
[SourceVersion "1"]
[SourceVersionDate "2023.11.12"]
[SourceQuality "1"]

1. e4 c5 2. Nf3 e6 3. d4 cxd4 4. Nxd4 Nc6 5. Nc3 Qc7 6. Be3 a6 7. Qf3 Nf6 8. 0-0-0 Ne5 9. Qg3 b5 10. f4 Neg4 11. e5 Nxe3 12. exf6 Nxd1 13. fxg7 Rg8 14. Nd5 exd5 15. gxf8Q+ Kxf8 16. Qa3+ d6 17. Kxd1 Qc5 18. Qe3 Bg4+ 19. Kc1 Re8 20. Qf2 Re4 21. c3 b4 22. Bd3 Re8 23. f5 bxc3 24. Rf1 cxb2+ 25. Kb1 Qc3 26. Bc2 Qe3 27. Ne6+ Rxe6 28. fxe6 Qxf2 29. Rxf2 Bxe6 30. Bxh7 Rh8 31. Bd3 a5 32. g3 Ke7 33. Kxb2 Rb8+ 34. Kc3 Rb4 35. Rb2 d4+ 36. Kc2 Ra4 37. Kb1 Ra3 38. Rd2 Kf6 39. Rf2+ Kg5 40. Bf1 Bd5 41. Rd2 Ra4 42. Bg2 Be6 43. Bf3 Rb4+ 44. Kc1 Kf6 45. Rb2 Ra4 46. Kb1 Ra3 47. Bd1 Re3 48. Kc1 Re1 49. Rd2 Rh1 50. Kb2 Ke5 51. Bf3 Re1 52. Bg2 Re3 53. Bc6 Bc4 54. Ba4 Ke4 55. Bc2+ d3 56. Bb3 Re2 57. Kc3 d5 58. Bd1 d4+ 0-1

[Event "GER-chT Lands U20"]
[Site "Hannover"]
[Date "2013.10.05"]
[Round "6.3"]
[White "Raum, Sebastian"]
[Black "Stahnecker, Ludwig"]
[Result "1-0"]
[WhiteElo "2175"]
[BlackElo "2170"]
[PlyCount "143"]
[EventDate "2013.10.02"]
[EventType "team-swiss"]
[EventRounds "7"]
[EventCountry "GER"]
[SourceTitle "EXT 2014"]
[Source "ChessBase"]
[SourceDate "2013.11.20"]
[SourceVersion "1"]
[SourceVersionDate "2013.11.20"]
[SourceQuality "1"]
[WhiteTeam "Niedersachsen"]
[BlackTeam "Rheinland Pfalz"]
[WhiteTeamCountry "GER"]
[BlackTeamCountry "GER"]

1. e4 e5 2. Nf3 Nc6 3. Bb5 a6 4. Ba4 Nf6 5. 0-0 Be7 6. Re1 b5 7. Bb3 d6 8. c3 0-0 9. h3 Na5 10. Bc2 c5 11. d4 Qc7 12. Nbd2 Re8 13. Nf1 Bd7 14. Ne3 Bf8 15. d5 c4 16. b4 cxb3 17. axb3 Nb7 18. Bb2 g6 19. Nd2 Nh5 20. Qf3 Nf4 21. b4 a5 22. h4 Bg7 23. g3 Nh5 24. Bd3 Nf6 25. Qe2 axb4 26. cxb4 Qb6 27. Nd1 Rxa1 28. Bxa1 Bh6 29. Nb3 Rc8 30. Kg2 Ne8 31. Nc3 f5 32. exf5 gxf5 33. Qh5 Bg7 34. Bxf5 Nf6 35. Qg5 Bxf5 36. Qxf5 Rf8 37. Qc2 Ng4 38. Ne4 Nd8 39. Qe2 Nf6 40. Nxf6+ Rxf6 41. Nd2 Rf7 42. Ne4 Rc7 43. Qd3 Nf7 44. Bc3 Rc4 45. Ra1 Qb7 46. Ra5 h6 47. f3 Kf8 48. Nd2 Rc8 49. Ne4 Rc4 50. g4 Ke7 51. Kf1 Nh8 52. h5 Nf7 53. Ke2 Qc7 54. Rxb5 Ng5 55. Nxg5 Rxc3 56. Ne6 e4 57. Qxe4 Rc2+ 58. Kf1 Rc1+ 59. Kg2 Qc2+ 60. Qxc2 Rxc2+ 61. Kg3 Be5+ 62. f4 Bc3 63. g5 hxg5 64. fxg5 Be5+ 65. Kg4 Rg2+ 66. Kf5 Rf2+ 67. Kg6 Bc3 68. h6 Rh2 69. h7 Rg2 70. Rb7+ Ke8 71. Ng7+ Bxg7 72. Rxg7 1-0

[Event "GER-chT Lands U20"]
[Site "Hannover"]
[Date "2013.10.04"]
[Round "5.3"]
[White "Raum, Sebastian"]
[Black "Richter, Leonard"]
[Result "1/2-1/2"]
[WhiteElo "2175"]
[BlackElo "2118"]
[PlyCount "87"]
[EventDate "2013.10.02"]
[EventType "team-swiss"]
[EventRounds "7"]
[EventCountry "GER"]
[SourceTitle "EXT 2014"]
[Source "ChessBase"]
[SourceDate "2013.11.20"]
[SourceVersion "1"]
[SourceVersionDate "2013.11.20"]
[SourceQuality "1"]
[WhiteTeam "Niedersachsen"]
[BlackTeam "Sachsen"]
[WhiteTeamCountry "GER"]
[BlackTeamCountry "GER"]

1. e4 c5 2. Nf3 d6 3. d4 cxd4 4. Nxd4 Nf6 5. Nc3 a6 6. Be3 e5 7. Nb3 Be6 8. Qd2 Be7 9. 0-0-0 Nbd7 10. f4 b5 11. Kb1 Rc8 12. f5 Bc4 13. g4 Nxg4 14. Rg1 Nxe3 15. Qxe3 Qb6 16. Qg3 Nf6 17. Bxc4 bxc4 18. Nd2 Qb7 19. Qxg7 Rg8 20. Qh6 Rxg1 21. Rxg1 Rb8 22. b3 Qb4 23. Rg3 Rc8 24. Qe3 Rc5 25. a3 Qb7 26. Ka2 cxb3+ 27. cxb3 d5 28. exd5 Nxd5 29. Nxd5 Qxd5 30. Nc4 Bf6 31. Rg8+ Ke7 32. Qh6 Rxc4 33. bxc4 Qxc4+ 34. Kb1 Qb3+ 35. Kc1 Qxa3+ 36. Kd2 Qb2+ 37. Kd1 Qb3+ 38. Ke2 Qc4+ 39. Kf2 Qc2+ 40. Ke1 Qe4+ 41. Kd1 Qa4+ 42. Ke2 Qc4+ 43. Kf2 Qc2+ 44. Ke1 1/2-1/2

[Event "GER-chT Lands U20"]
[Site "Hannover"]
[Date "2012.09.30"]
[Round "2.1"]
[White "Raum, Sebastian"]
[Black "Frischmann, Rick"]
[Result "0-1"]
[WhiteElo "2153"]
[BlackElo "2196"]
[PlyCount "114"]
[EventDate "2012.09.29"]
[EventType "team-swiss"]
[EventRounds "7"]
[EventCountry "GER"]
[SourceTitle "CBM 150 Extra"]
[Source "ChessBase"]
[SourceDate "2012.10.19"]
[SourceVersion "1"]
[SourceVersionDate "2012.10.19"]
[SourceQuality "1"]
[WhiteTeam "Niedersachsen II"]
[BlackTeam "Saarland"]
[WhiteTeamCountry "GER"]
[BlackTeamCountry "GER"]

1. e4 c5 2. Nf3 e6 3. d4 cxd4 4. Nxd4 a6 5. Nc3 Qc7 6. g3 Bb4 7. Nde2 Nf6 8. Bg2 0-0 9. Bf4 Qb6 10. 0-0 Be7 11. e5 Ne8 12. Ne4 f6 13. Nd6 Bxd6 14. exd6 Qxb2 15. Qd3 Qb5 16. c4 Qc5 17. Rfd1 Nc6 18. Be3 Qh5 19. Nf4 Qf7 20. c5 Kh8 21. Rab1 f5 22. Bd2 Nf6 23. Bc3 g5 24. Nh3 h6 25. f4 g4 26. Nf2 h5 27. Qe3 Qh7 28. Nd3 h4 29. Ne5 Qh5 30. gxh4 Qxh4 31. Be1 Qh6 32. Bg3 a5 33. Kf2 Kg8 34. Rh1 a4 35. Ke2 Nh5 36. Kf2 a3 37. h3 Ra4 38. hxg4 fxg4 39. Rh4 Nxe5 40. Qxe5 Rf5 41. Qe2 Raxf4+ 42. Bxf4 Qxf4+ 43. Kg1 Qd4+ 44. Kh2 g3+ 45. Kh3 Nf4+ 46. Rxf4 Qxf4 47. Rb3 Rg5 48. Bf3 Rg6 49. Kg2 Qh4 50. Kf1 Rf6 51. Kg1 Qd4+ 52. Kg2 Qxc5 53. Kxg3 Rg6+ 54. Bg4 Qxd6+ 55. Kf2 Qf4+ 56. Bf3 Rg5 57. Rc3 Qg3+ 0-1

[Event "Pardubice Czech op-A 23rd"]
[Site "Pardubice"]
[Date "2012.07.21"]
[Round "2"]
[White "Savitskiy, Sergey"]
[Black "Raum, Sebastian"]
[Result "1-0"]
[WhiteElo "2367"]
[BlackElo "2156"]
[PlyCount "125"]
[EventDate "2012.07.12"]
[EventType "swiss"]
[EventRounds "9"]
[EventCountry "CZE"]
[SourceTitle "CBM 149 Extra"]
[Source "ChessBase"]
[SourceDate "2012.08.24"]
[SourceVersion "1"]
[SourceVersionDate "2012.08.24"]
[SourceQuality "1"]

1. c4 Nf6 2. Nc3 g6 3. g3 d5 4. cxd5 Nxd5 5. Bg2 Nb6 6. Nf3 Bg7 7. 0-0 Nc6 8. d3 0-0 9. Bd2 e5 10. Qc1 Re8 11. Bg5 f6 12. Bh6 Bh8 13. Ne4 Qe7 14. Re1 a5 15. Nc5 a4 16. Nd2 Ra5 17. Be3 Nd4 18. b4 axb3 19. Ndxb3 Nxb3 20. Nxb3 Rb5 21. Nc5 c6 22. a4 Ra5 23. Qc3 Ra8 24. Qb3+ Nd5 25. Bxd5+ cxd5 26. Qxd5+ Qf7 27. Qxf7+ Kxf7 28. Rab1 Re7 29. Rb5 f5 30. Reb1 Bf6 31. Nxb7 Bd7 32. Rb6 Bxa4 33. Ra1 Kg7 34. Nc5 Bc6 35. Rab1 Bd5 36. Rd6 Ba2 37. Rbb6 Rf7 38. Ne6+ Bxe6 39. Rxe6 Raa7 40. Kg2 Rae7 41. h4 Rxe6 42. Rxe6 h6 43. Kf3 Kh7 44. Bc5 Bg7 45. Be7 e4+ 46. dxe4 fxe4+ 47. Ke3 Bb2 48. Bc5 Rf5 49. Bb6 Bc3 50. g4 Rf7 51. Bc5 Be1 52. Kxe4 Bxf2 53. Be7 Kg7 54. g5 h5 55. Bf6+ Kf8 56. Be5 Bxh4 57. Rxg6 Rf2 58. Rf6+ Kg8 59. Rxf2 Bxf2 60. g6 Kf8 61. Bf6 Be1 62. Kf5 Bd2 63. e4 1-0

[Event "Pardubice Czech op 22nd"]
[Site "Pardubice"]
[Date "2011.07.24"]
[Round "3"]
[White "De Verdier, Michael Carl Adam"]
[Black "Raum, Sebastian"]
[Result "1-0"]
[WhiteElo "2359"]
[BlackElo "2112"]
[PlyCount "75"]
[EventDate "2011.07.22"]
[EventType "swiss"]
[EventRounds "9"]
[EventCountry "CZE"]
[SourceTitle "CBM 143 Extra"]
[Source "ChessBase"]
[SourceDate "2011.08.29"]
[SourceVersion "1"]
[SourceVersionDate "2011.08.29"]
[SourceQuality "1"]

1. c4 Nf6 2. g3 g6 3. Bg2 d5 4. cxd5 Nxd5 5. Nc3 Nb6 6. d3 Bg7 7. Be3 0-0 8. Qd2 Nc6 9. Bxc6 bxc6 10. Bh6 c5 11. Bxg7 Kxg7 12. Ne4 Bb7 13. f3 Qd4 14. Rc1 c4 15. dxc4 Rad8 16. c5 Nc4 17. Qxd4+ Rxd4 18. Nc3 Ne3 19. Nh3 Rfd8 20. Kf2 Nd5 21. Rhd1 Nxc3 22. Rxd4 Rxd4 23. Rxc3 Rd2 24. Ra3 a6 25. b3 Rc2 26. Ra5 Bc6 27. Nf4 Bb5 28. a4 Ra2 29. Ke3 e5 30. Nd3 Bxd3 31. Kxd3 Rb2 32. Kc4 Rxe2 33. Rxa6 Rxh2 34. Rc6 h5 35. Rxc7 g5 36. Rd7 h4 37. gxh4 gxh4 38. Rd1 1-0

[Event "Pardubice Czech op 22nd"]
[Site "Pardubice"]
[Date "2011.07.23"]
[Round "2"]
[White "Raum, Sebastian"]
[Black "Krapivin, Vladislav"]
[Result "1/2-1/2"]
[WhiteElo "2112"]
[BlackElo "2354"]
[PlyCount "120"]
[EventDate "2011.07.22"]
[EventType "swiss"]
[EventRounds "9"]
[EventCountry "CZE"]
[SourceTitle "CBM 143 Extra"]
[Source "ChessBase"]
[SourceDate "2011.08.29"]
[SourceVersion "1"]
[SourceVersionDate "2011.08.29"]
[SourceQuality "1"]

1. e4 d6 2. d4 Nf6 3. Nc3 e5 4. Nge2 Be7 5. g3 c6 6. Bg2 b5 7. a3 a6 8. 0-0 Nbd7 9. h3 h5 10. f4 Qc7 11. Qe1 Bb7 12. Be3 0-0 13. Qf2 Rae8 14. Rae1 exd4 15. Nxd4 c5 16. Nf5 b4 17. axb4 cxb4 18. e5 Bxg2 19. Nxe7+ Rxe7 20. exf6 Nxf6 21. Kxg2 bxc3 22. bxc3 Qxc3 23. Bd4 Qc6+ 24. Qf3 Ne4 25. f5 f6 26. Re2 Rfe8 27. Rfe1 h4 28. gxh4 a5 29. h5 Kf8 30. Kh2 d5 31. Qf4 Qd6 32. Rf1 Qxf4+ 33. Rxf4 Rc8 34. Rg4 Rec7 35. Reg2 Ng5 36. c3 a4 37. h6 gxh6 38. Bxf6 Rf7 39. Bxg5 hxg5 40. Rxa4 Rxf5 41. Rag4 Rxc3 42. Rxg5 Rxg5 43. Rxg5 Rd3 44. Rg3 Rd1 45. Rg1 Rd4 46. Rg4 Rc4 47. Kg2 Rc2+ 48. Kf3 Kf7 49. Ke3 Ke6 50. Rg8 Rc3+ 51. Kd4 Rc4+ 52. Kd3 Rh4 53. Re8+ Kd7 54. Rg8 Kc6 55. Rc8+ Kd7 56. Rg8 Ke7 57. Ra8 Kd6 58. Rd8+ Ke6 59. Re8+ Kd7 60. Rg8 Rxh3+ 1/2-1/2

[Event "Karl Mala Memorial op 14th"]
[Site "Frankfurt"]
[Date "2011.07.10"]
[Round "7"]
[White "Raum, Sebastian"]
[Black "Ernst, Rolf"]
[Result "1-0"]
[WhiteElo "2076"]
[BlackElo "2207"]
[PlyCount "39"]
[EventDate "2011.07.07"]
[EventType "swiss"]
[EventRounds "7"]
[EventCountry "GER"]
[SourceTitle "EXT 2012"]
[Source "ChessBase"]
[SourceDate "2011.11.24"]
[SourceVersion "1"]
[SourceVersionDate "2011.11.24"]
[SourceQuality "1"]

1. e4 e5 2. Nf3 Nc6 3. Bb5 a6 4. Ba4 Nf6 5. 0-0 Be7 6. Re1 b5 7. Bb3 d6 8. c3 Na5 9. Bc2 c5 10. d4 Nc6 11. d5 Nb8 12. a4 Bb7 13. Nbd2 Nbd7 14. b4 cxb4 15. cxb4 0-0 16. Nb3 bxa4 17. Na5 Rb8 18. Bxa4 Ne8 19. Bc6 Bf6 20. Bxb7 1-0

[Event "Karl Mala Memorial op 14th"]
[Site "Frankfurt"]
[Date "2011.07.08"]
[Round "2"]
[White "Raum, Sebastian"]
[Black "Rutsatz, Mario"]
[Result "1-0"]
[WhiteElo "2076"]
[BlackElo "2051"]
[PlyCount "79"]
[EventDate "2011.07.07"]
[EventType "swiss"]
[EventRounds "7"]
[EventCountry "GER"]
[SourceTitle "EXT 2012"]
[Source "ChessBase"]
[SourceDate "2011.11.24"]
[SourceVersion "1"]
[SourceVersionDate "2011.11.24"]
[SourceQuality "1"]

1. e4 c5 2. Nf3 Nc6 3. d4 cxd4 4. Nxd4 Nf6 5. Nc3 e5 6. Ndb5 d6 7. Bg5 a6 8. Na3 b5 9. Nd5 Be7 10. Bxf6 Bxf6 11. c4 b4 12. Nc2 Rb8 13. g3 0-0 14. b3 Bg5 15. h4 Bh6 16. Bh3 Bxh3 17. Rxh3 a5 18. Kf1 Ne7 19. Kg2 Kh8 20. Qd3 Nxd5 21. Qxd5 f5 22. exf5 Qd7 23. g4 g6 24. Rd1 Rbd8 25. Qe6 Qxe6 26. fxe6 Rfe8 27. Rhd3 Rxe6 28. c5 Bf8 29. Ne3 Be7 30. Nc4 e4 31. Rd5 Bxh4 32. cxd6 Rf8 33. g5 Rxf2+ 34. Kh3 Bxg5 35. Rxg5 e3 36. d7 Rf8 37. d8Q Rxd8 38. Rxd8+ Kg7 39. Re5 Rxe5 40. Nxe5 1-0

[Event "GER-ch U18"]
[Site "Oberhof"]
[Date "2011.06.13"]
[Round "3"]
[White "Raum, Sebastian"]
[Black "Cremer, Jan Paul"]
[Result "1-0"]
[WhiteElo "2076"]
[BlackElo "2026"]
[PlyCount "47"]
[EventDate "2011.06.11"]
[EventType "swiss"]
[EventRounds "9"]
[EventCountry "GER"]
[SourceTitle "CBM 142 Extra"]
[Source "ChessBase"]
[SourceDate "2011.06.27"]
[SourceVersion "1"]
[SourceVersionDate "2011.06.27"]
[SourceQuality "1"]

1. e4 c5 2. Nf3 d6 3. d4 cxd4 4. Nxd4 Nf6 5. Nc3 a6 6. Be3 e5 7. Nb3 Be6 8. Qd2 Be7 9. 0-0-0 0-0 10. f4 b5 11. f5 Bc8 12. g4 Bb7 13. g5 Nxe4 14. Nxe4 Bxe4 15. Bg2 d5 16. f6 Bb4 17. c3 Qc7 18. Bxe4 dxe4 19. Kb1 Ba5 20. Nxa5 Qxa5 21. Qd5 Nd7 22. Qxd7 Rac8 23. Qd6 Rc4 24. Bb6 1-0

[Event "Niedersachsen-ch"]
[Site "Verden"]
[Date "2011.01.03"]
[Round "3"]
[White "Raum, Sebastian"]
[Black "Stotyn, Fabian"]
[Result "1-0"]
[WhiteElo "2046"]
[BlackElo "2076"]
[PlyCount "41"]
[EventDate "2011.01.02"]
[EventType "swiss"]
[EventRounds "7"]
[EventCountry "GER"]
[SourceTitle "EXT 2018"]
[Source "ChessBase"]
[SourceDate "2017.10.13"]
[SourceVersion "1"]
[SourceVersionDate "2017.10.13"]
[SourceQuality "1"]

1. e4 c6 2. d4 d5 3. Nd2 g6 4. Ngf3 Bg7 5. c3 Nf6 6. e5 Nfd7 7. Bd3 0-0 8. h4 f6 9. e6 Nb6 10. h5 f5 11. hxg6 hxg6 12. Ng5 Rf6 13. Qe2 Qd6 14. Ndf3 Bxe6 15. Ne5 Bc8 16. Bf4 Qd8 17. 0-0-0 N8d7 18. Rh4 Nf8 19. Rdh1 c5 20. Qf3 cxd4 21. Qh3 1-0

[Event "Karl Mala Memorial op 13th"]
[Site "Frankfurt"]
[Date "2010.07.11"]
[Round "7"]
[White "Raum, Sebastian"]
[Black "Henrich, Thomas"]
[Result "0-1"]
[WhiteElo "2034"]
[BlackElo "2230"]
[PlyCount "74"]
[EventDate "2010.07.08"]
[EventType "swiss"]
[EventRounds "7"]
[EventCountry "GER"]
[SourceTitle "EXT 2012"]
[Source "ChessBase"]
[SourceDate "2011.11.24"]
[SourceVersion "1"]
[SourceVersionDate "2011.11.24"]
[SourceQuality "1"]

1. e4 c5 2. Nf3 d6 3. d4 cxd4 4. Nxd4 Nf6 5. Nc3 a6 6. Be3 e5 7. Nb3 Be6 8. f3 h5 9. Qd2 Nbd7 10. 0-0-0 b5 11. Qf2 Be7 12. Nd5 Nxd5 13. exd5 Bf5 14. Bd3 Bxd3 15. Rxd3 Bg5 16. h4 Bxe3+ 17. Qxe3 Rh6 18. Nd4 Rg6 19. g4 Kf8 20. Nc6 Qb6 21. Qxb6 Nxb6 22. g5 Rc8 23. Rhd1 f6 24. f4 exf4 25. Nd4 fxg5 26. Ne6+ Kg8 27. Nxg5 Rf6 28. Rf1 Rf5 29. Ne6 Nxd5 30. Rg1 f3 31. Rxg7+ Kh8 32. Rg1 Re8 33. Nd4 f2 34. Rf1 Re1+ 35. Rd1 Rxd1+ 36. Kxd1 Rf4 37. Ne6 Rf6 0-1

[Event "Karl Mala Memorial op 13th"]
[Site "Frankfurt"]
[Date "2010.07.10"]
[Round "5"]
[White "Raum, Sebastian"]
[Black "Gruenter, Martin"]
[Result "0-1"]
[WhiteElo "2034"]
[BlackElo "2185"]
[PlyCount "44"]
[EventDate "2010.07.08"]
[EventType "swiss"]
[EventRounds "7"]
[EventCountry "GER"]
[SourceTitle "EXT 2012"]
[Source "ChessBase"]
[SourceDate "2011.11.24"]
[SourceVersion "1"]
[SourceVersionDate "2011.11.24"]
[SourceQuality "1"]

1. e4 c5 2. Nf3 d6 3. d4 cxd4 4. Nxd4 Nf6 5. Nc3 a6 6. Be3 e5 7. Nb3 Be6 8. f3 Be7 9. Qd2 0-0 10. 0-0-0 Nbd7 11. g4 Qc7 12. g5 Nh5 13. Nd5 Bxd5 14. exd5 a5 15. Kb1 f5 16. f4 a4 17. Nc1 exf4 18. Bxf4 Nxf4 19. Qxf4 a3 20. b3 Qc3 21. Nd3 Nc5 22. Rd2 Bxg5 0-1

[Event "Niedersachsen-ch open"]
[Site "Verden"]
[Date "2010.01.06"]
[Round "7.8"]
[White "Struessmann, Frank"]
[Black "Raum, Sebastian"]
[Result "1-0"]
[WhiteElo "2276"]
[BlackElo "1910"]
[PlyCount "69"]
[EventDate "2010.01.03"]
[EventType "swiss"]
[EventRounds "7"]
[EventCountry "GER"]
[SourceTitle "EXT 2012"]
[Source "ChessBase"]
[SourceDate "2011.11.24"]
[SourceVersion "1"]
[SourceVersionDate "2011.11.24"]
[SourceQuality "1"]

1. Nf3 Nf6 2. d4 g6 3. e3 Bg7 4. Bd3 0-0 5. Nbd2 d6 6. 0-0 Nc6 7. c3 e5 8. dxe5 dxe5 9. Qc2 Qe7 10. Re1 Bg4 11. e4 Nh5 12. h3 Be6 13. Bf1 f5 14. Bc4 Kh8 15. Bxe6 Qxe6 16. Qb3 Qxb3 17. Nxb3 Nf4 18. Nc5 fxe4 19. Ng5 Nd3 20. Nxd3 exd3 21. Rd1 e4 22. Nxe4 Rad8 23. Nc5 Rd5 24. Be3 b6 25. Ne6 Rf7 26. Nf4 Rd6 27. Rxd3 Rxd3 28. Nxd3 Rd7 29. Nf4 Ne5 30. Re1 Nc4 31. Bxb6 cxb6 32. Re8+ Bf8 33. Rxf8+ Kg7 34. Ne6+ Kh6 35. Rf4 1-0

[Event "GER-chT U16"]
[Site "Verden an der Aller"]
[Date "2009.12.28"]
[Round "3.1"]
[White "Nguyen Minh, Thuy"]
[Black "Raum, Sebastian"]
[Result "0-1"]
[WhiteElo "1915"]
[BlackElo "1910"]
[PlyCount "96"]
[EventDate "2009.12.27"]
[EventType "team-swiss"]
[EventRounds "7"]
[EventCountry "GER"]
[SourceTitle "EXT 2022"]
[Source "ChessBase"]
[SourceDate "2021.10.06"]
[SourceVersion "1"]
[SourceVersionDate "2021.10.06"]
[SourceQuality "1"]
[WhiteTeam "Chemnitz USG U16"]
[BlackTeam "Oesede Georgsmarienhuette U16"]
[WhiteTeamCountry "GER"]
[BlackTeamCountry "GER"]

1. e4 c5 2. Nf3 d6 3. Nc3 a6 4. d4 cxd4 5. Nxd4 Nf6 6. Be3 e5 7. Nb3 Be6 8. h3 Be7 9. g4 d5 10. exd5 Nxd5 11. Qf3 Nxc3 12. Qg3 Nd5 13. Bd2 Nc6 14. Bg2 Qc7 15. 0-0 0-0 16. Be4 Nf4 17. Rfe1 Rad8 18. Bc3 Nd4 19. Nxd4 exd4 20. Bd2 Bd6 21. Qf3 Ng6 22. Bxb7 Nh4 23. Qe4 Bh2+ 24. Kh1 Qxb7 25. Qxb7 Bd5+ 26. Qxd5 Rxd5 27. Kxh2 Nf3+ 28. Kg2 Nxd2 29. Rad1 Nc4 30. b3 Nb6 31. Re4 Rfd8 32. f3 g6 33. Rd3 Kg7 34. Kg3 R8d6 35. h4 Nd7 36. Re1 Nc5 37. Rd2 a5 38. Kf4 d3 39. c3 Ne6+ 40. Kg3 Rc5 41. c4 Nd4 42. Red1 Ne2+ 43. Kf2 Nf4 44. Kg3 Rd4 45. Re1 Ne2+ 46. Kf2 Re5 47. Red1 Nf4 48. g5 Kf8 0-1

[Event "GER-chT U16"]
[Site "Verden an der Aller"]
[Date "2009.12.27"]
[Round "2.1"]
[White "Raum, Sebastian"]
[Black "Xu, Xianliang"]
[Result "1-0"]
[WhiteElo "1910"]
[BlackElo "1968"]
[PlyCount "105"]
[EventDate "2009.12.27"]
[EventType "team-swiss"]
[EventRounds "7"]
[EventCountry "GER"]
[SourceTitle "EXT 2022"]
[Source "ChessBase"]
[SourceDate "2021.10.06"]
[SourceVersion "1"]
[SourceVersionDate "2021.10.06"]
[SourceQuality "1"]
[WhiteTeam "Oesede Georgsmarienhuette U16"]
[BlackTeam "Bebenhausen U16"]
[WhiteTeamCountry "GER"]
[BlackTeamCountry "GER"]

1. e4 c5 2. Nf3 Nc6 3. d4 cxd4 4. Nxd4 g6 5. Nc3 Bg7 6. Be3 Nf6 7. Bc4 0-0 8. Bb3 a5 9. f3 d5 10. Bxd5 Nxd5 11. Nxd5 e6 12. Nxc6 bxc6 13. Nb6 Rb8 14. Qxd8 Rxd8 15. Rd1 Rxd1+ 16. Kxd1 Bxb2 17. Nxc8 Rxc8 18. Ke2 Kg7 19. Rb1 Ba3 20. Rb7 c5 21. Bf4 Kf6 22. Bc7 Bb4 23. e5+ Kg7 24. Kd3 a4 25. Kc4 Ra8 26. Bd6 Rd8 27. c3 Ba3 28. Kb5 Bb2 29. c4 Bd4 30. Rb8 Rxb8+ 31. Bxb8 a3 32. Bd6 Kh6 33. Bxc5 Bxe5 34. Bxa3 Bxh2 35. Kc6 Kg5 36. Bd6 Bg1 37. c5 h5 38. Kb7 Bxc5 39. Bxc5 Kf4 40. a4 Kg3 41. a5 Kxg2 42. a6 h4 43. a7 h3 44. a8Q h2 45. Qa2+ Kh3 46. Qb1 Kg2 47. Qc2+ Kh3 48. Qd1 Kg2 49. Qe2+ Kh3 50. Qf1+ Kg3 51. Bd6+ Kh4 52. Qg2 h1R 53. Qg4# 1-0

[Event "Niedersachsen-ch U16"]
[Site "Rotenburg"]
[Date "2009.04.07"]
[Round "5"]
[White "Raum, Sebastian"]
[Black "Zehe, Marc Kevin"]
[Result "0-1"]
[WhiteElo "1879"]
[BlackElo "1575"]
[PlyCount "60"]
[EventDate "2009.04.04"]
[EventType "swiss"]
[EventRounds "9"]
[EventCountry "GER"]
[SourceTitle "EXT 2010"]
[Source "ChessBase"]
[SourceDate "2010.11.25"]
[SourceVersion "1"]
[SourceVersionDate "2010.11.25"]
[SourceQuality "1"]

1. e4 c5 2. Nf3 Nc6 3. d4 cxd4 4. Nxd4 g6 5. Nc3 Bg7 6. Be3 Qa5 7. Qd2 Nf6 8. f3 0-0 9. 0-0-0 d6 10. g4 Bd7 11. h4 h5 12. Nb3 Qd8 13. Nd5 hxg4 14. Nxf6+ Bxf6 15. h5 Ne5 16. Nd4 gxf3 17. hxg6 fxg6 18. Bh3 Bxh3 19. Rxh3 Nc4 20. Qd3 Nxe3 21. e5 Nf5 22. exf6 Rxf6 23. Rdh1 Kf7 24. Nxf5 Rxf5 25. Rh7+ Kf6 26. Qd4+ e5 27. Qd5 f2 28. Rf7+ Kg5 29. Qg2+ Kf4 30. Rh4+ Qxh4 0-1

[Event "Niedersachsen-ch op"]
[Site "Verden"]
[Date "2009.01.06"]
[Round "7"]
[White "Hupe, Henning"]
[Black "Raum, Sebastian"]
[Result "1/2-1/2"]
[WhiteElo "2091"]
[BlackElo "1880"]
[PlyCount "54"]
[EventDate "2009.01.03"]
[EventType "swiss"]
[EventRounds "7"]
[EventCountry "GER"]
[SourceTitle "EXT 2012"]
[Source "ChessBase"]
[SourceDate "2011.11.24"]
[SourceVersion "1"]
[SourceVersionDate "2011.11.24"]
[SourceQuality "1"]

1. e4 c5 2. Nf3 d6 3. d4 cxd4 4. Nxd4 Nf6 5. Nc3 a6 6. Be2 e5 7. Nb3 Be7 8. 0-0 0-0 9. a4 b6 10. f4 Bb7 11. Bf3 Nbd7 12. Be3 exf4 13. Bxf4 Ne5 14. Nd4 Nxf3+ 15. gxf3 d5 16. e5 Nd7 17. Qd2 Bc5 18. Bg3 Re8 19. Rae1 f6 20. f4 fxe5 21. fxe5 Nf8 22. Nce2 Ne6 23. c3 b5 24. axb5 axb5 25. b4 Bb6 26. Rf5 Bc8 27. Rff1 Ng5 1/2-1/2